000 00484nam a2200205Ia 4500
008 240510s9999 xx 000 0 und d
020 _a0000201403749
041 _aEng
082 _a005.73
082 _bK35
100 _aKINGSTON, J.H. :
245 0 _aALGORITHMS AND DATA STRUCTURES : DESIGN, CORRECTNESS, ANALYSIS
250 _a2nd ed.
260 _bADDISON-WESLEY
260 _c1997
300 _a380 p.
650 _aDATA STRUCTURES
942 _2ddc
942 _cRBK
999 _c28131
_d28131
945 _a1
_bMadushi Gamage
_c1
_dMadushi Gamage